000 00488nam a2200181Ia 4500
001 20774
005 20260306172830.0
008 260306t2015||||xx |||||||||||||| ||spa||
041 _aESP
082 _a343.8
_bA72
100 _aArias Copitan, Pablo
_eAUT
245 0 _aGastos deducibles y no deducibles:
_bAplicación práctica, análisis tributario y contable
260 _c2015
300 _a670 páginas :
_c25 cm.
650 _aGEN
654 _aCDE
942 _cLIB
_dJUS
_fJUS
_2ddc
_n
999 _c20774
_d20774